Central Library OPAC University of Rajshahi

The law of damages and compensation / (Record no. 47372)

MARC details
000 -LEADER
fixed length control field 00840nam a2200265 a 4500
001 - CONTROL NUMBER
control field 47372
003 - CONTROL NUMBER IDENTIFIER
rucl marc code BD-RjUL
005 - DATE AND TIME OF LATEST TRANSACTION
control field 20211209054313.0
008 - FIXED-LENGTH DATA ELEMENTS--GENERAL INFORMATION
fixed length control field 050427s1919 enk s 001 0 eng d
035 ## - SYSTEM CONTROL NUMBER
System control number (BD-RjUL)47491
040 ## - CATALOGING SOURCE
Original cataloging agency GMOML
Transcribing agency GMOML
Language of cataloging eng
Modifying agency BD-RjUL
041 ## - LANGUAGE CODE
Language code of text/sound track or separate title eng
082 ## - DEWEY DECIMAL CLASSIFICATION NUMBER
Edition number 23
Classification number 347.41077
Author mark and year ARL 1919
100 1# - MAIN ENTRY--PERSONAL NAME
Personal name Arnold, F. O.
Fuller form of name (Frederick Octavius)
9 (RLIN) 144131
245 14 - TITLE STATEMENT
Title The law of damages and compensation /
Statement of responsibility, etc. by F.O. Arnold.
250 ## - EDITION STATEMENT
Edition statement 2nd ed.
260 ## - PUBLICATION, DISTRIBUTION, ETC. (IMPRINT)
Place of publication, distribution, etc. London :
Name of publisher, distributor, etc. Butterworth,
Date of publication, distribution, etc. 1919.
300 ## - PHYSICAL DESCRIPTION
Pagination lxxxvi, 354, 53 p. ;
Size 26 cm.
500 ## - GENERAL NOTE
General note Includes index.
General note Reproduction of original from Harvard Law School Library.
650 #0 - SUBJECT ADDED ENTRY--TOPICAL TERM
Topical term or geographic name as entry element Damages
Geographic subdivision Great Britain.
9 (RLIN) 142094
Topical term or geographic name as entry element Compensation (Law)
Geographic subdivision Great Britain.
9 (RLIN) 144132
830 #0 - SERIES ADDED ENTRY--UNIFORM TITLE
Uniform title Making of modern law.
942 ## - ADDED ENTRY ELEMENTS (KOHA)
Source of classification or shelving scheme Dewey Decimal Classification
Koha item type Books
Holdings
Lost status Source of classification or shelving scheme Damaged status Not for loan Collection code Permanent Location Current Location Shelving location Date acquired Source of acquisition Cost, normal purchase price Total Checkouts Full call number Date last seen Copy number Koha item type
  Dewey Decimal Classification     Non-fiction Central Library, University of Rajshahi Central Library, University of Rajshahi   05/08/1958 Mahmud Press 24.00   347.41077 ARL 1919 08/08/2016 C-2 Books